Statistics for Countries in the 2018 BDO World Darts Championships

Click here to take the quiz!

General Stats

  • This quiz has been taken 21 times
  • The average score is 11 of 15

Answer Stats

PlayersCountry% Correct
7Netherlands
95%
1Germany
95%
1United States
95%
11England
89%
7Wales
89%
2Scotland
89%
1Canada
89%
2Belgium
84%
2Northern Ireland
84%
1Australia
84%
1Sweden
79%
1New Zealand
68%
1Turkey
42%
1Lithuania
32%
1Brunei
21%

Score Distribution

Percentile by Number Answered

Percent of People with Each Score

Your Score History

You have not taken this quiz